[Event "ARCTIC CHESS CHALLENGE 2010"]
[Site "SCANDIC TROMSØ"]
[Date "2010.07.31"]
[Round "4"]
[White "Tsiolakidis, Anastasios"]
[Black "Ernst, Thomas"]
[Result "1/2-1/2"]
[WhiteElo "2289"]
[BlackElo "2430"]
[PlyCount "87"]
[EventDate "2010.??.??"]

1. e4 c5 2. Nf3 d6 3. d4 cxd4 4. Nxd4 Nf6 5. Nc3 Nc6 6. Bg5 e6 7. Bb5 Bd7 8.
O-O Be7 9. Nxc6 bxc6 10. Bd3 O-O 11. e5 dxe5 12. Re1 h6 13. Bh4 Rb8 14. Rb1 Nd5
15. Bxe7 Qxe7 16. Rxe5 Nxc3 17. bxc3 Rxb1 18. Qxb1 Qd6 19. Ra5 Rb8 20. Qe1 Qc7
21. c4 c5 22. g3 Rb6 23. f4 Bc8 24. Kf2 Ra6 25. Rb5 Bd7 26. Rb3 Rb6 27. Ra3 Bc8
28. Qe5 Qxe5 29. fxe5 Ra6 30. Rb3 Kf8 31. Rb8 Rc6 32. Be4 Rc7 33. Bb7 Rxb7 34.
Rxc8+ Ke7 35. Rxc5 Rb2 36. Rc7+ Ke8 37. Rxa7 Rxc2+ 38. Ke3 Rxc4 39. Ra8+ Ke7
40. Ra7+ Ke8 41. h4 Rc3+ 42. Kf4 Rc4+ 43. Ke3 Rc3+ 44. Kf4 1/2-1/2

[Event "ARCTIC CHESS CHALLENGE 2010"]
[Site "SCANDIC TROMSØ"]
[Date "2010.07.31"]
[Round "4"]
[White "Ziska, Helgi Dam"]
[Black "Dolzhikova, Olga"]
[Result "1-0"]
[WhiteElo "2426"]
[BlackElo "2263"]
[PlyCount "69"]
[EventDate "2010.??.??"]

1. e4 e5 2. Nc3 Nf6 3. Bc4 Nc6 4. d3 Na5 5. Qf3 c6 6. Bg5 b5 7. Bb3 Be7 8. Nge2
Nxb3 9. axb3 O-O 10. Ng3 g6 11. Bh6 Re8 12. Nf5 Bc5 13. Ne3 Be7 14. Bg5 d6 15.
h4 Nh5 16. Bxe7 Qxe7 17. Ne2 Qf6 18. Qxf6 Nxf6 19. Ra5 a6 20. f3 Bb7 21. Kf2 d5
22. exd5 cxd5 23. d4 e4 24. b4 exf3 25. gxf3 Re7 26. Nc1 Rae8 27. Re1 Nh5 28.
Nd3 Ng7 29. Raa1 Ne6 30. c3 Nc7 31. b3 f6 32. Rad1 Kg7 33. Nc5 Bc8 34. c4 Rd8
35. Nf5+ 1-0

[Event "ARCTIC CHESS CHALLENGE 2010"]
[Site "SCANDIC TROMSØ"]
[Date "2010.07.31"]
[Round "4"]
[White "Urkedal, Frode Olav Olsen"]
[Black "Hess, Christian"]
[Result "1-0"]
[WhiteElo "2414"]
[BlackElo "2262"]
[PlyCount "115"]
[EventDate "2010.??.??"]

1. d4 d5 2. c4 c6 3. Nf3 Nf6 4. e3 a6 5. Bd3 Bg4 6. Nbd2 Nbd7 7. Qc2 e6 8. b3
Bxf3 9. Nxf3 Bb4+ 10. Kf1 Qe7 11. g3 Bd6 12. Bb2 O-O 13. Kg2 h6 14. Rad1 a5 15.
Rhe1 Ba3 16. Ba1 a4 17. bxa4 Bb4 18. Re2 Ra5 19. Rb1 Rfa8 20. cxd5 exd5 21. a3
Rxa4 22. axb4 Rxa1 23. Rxa1 Rxa1 24. b5 Qd6 25. bxc6 bxc6 26. Nh4 Qa3 27. Bf5
Rc1 28. Qa2 Qxa2 29. Rxa2 g6 30. Ra8+ Kg7 31. Nxg6 fxg6 32. Bxd7 Ne4 33. Ra7
Kf8 34. Ra2 Ke7 35. Bg4 g5 36. Bf3 Nf6 37. h3 h5 38. Ra7+ Ke6 39. g4 hxg4 40.
hxg4 Rc2 41. Rg7 c5 42. dxc5 Rxc5 43. Rxg5 Rc4 44. Rg7 d4 45. exd4 Rxd4 46. Kg3
Rd3 47. Kf4 Rd4+ 48. Kg3 Rd3 49. Ra7 Ne4+ 50. Kg2 Ng5 51. Ra6+ Rd6 52. Ra5 Kf6
53. Rf5+ Kg6 54. Bd5 Nh7 55. Be4 Ng5 56. f3 Rd2+ 57. Kg3 Rd4 58. Kf4 1-0

[Event "ARCTIC CHESS CHALLENGE 2010"]
[Site "SCANDIC TROMSØ"]
[Date "2010.07.31"]
[Round "4"]
[White "Alfred, Nathan S W"]
[Black "Lindberg, Bengt"]
[Result "0-1"]
[WhiteElo "2263"]
[BlackElo "2413"]
[PlyCount "98"]
[EventDate "2010.??.??"]

1. e4 c5 2. Nf3 e6 3. d4 cxd4 4. Nxd4 Nc6 5. Nc3 Qc7 6. Be2 a6 7. O-O Nf6 8.
Be3 Be7 9. f4 d6 10. Kh1 O-O 11. Qe1 Nxd4 12. Bxd4 b5 13. e5 dxe5 14. fxe5 Nd7
15. Bd3 Bb7 16. Ne4 Rad8 17. Bc3 Nc5 18. Nf6+ Bxf6 19. Bxh7+ Kxh7 20. exf6 g5
21. Ba5 Qc6 22. Qe2 Kg6 23. Bxd8 Rxd8 24. Rad1 Rxd1 25. Rxd1 Qe4 26. Qxe4+ Bxe4
27. Kg1 Kxf6 28. b4 Na4 29. Rd6 Bxc2 30. Rxa6 Be4 31. Kf2 Nc3 32. Ra7 Bg6 33.
a3 Ke5 34. Ke3 f5 35. Kd3 Nd5 36. Rg7 Nf4+ 37. Kd2 Kf6 38. Rg8 e5 39. Rb8 Ne6
40. Rxb5 e4 41. g4 f4 42. Rd5 e3+ 43. Ke2 Be4 44. Rd7 Ke5 45. Re7 Kd6 46. Re8
Nd4+ 47. Ke1 Kd5 48. b5 f3 49. Rd8+ Kc4 0-1

[Event "ARCTIC CHESS CHALLENGE 2010"]
[Site "SCANDIC TROMSØ"]
[Date "2010.07.31"]
[Round "4"]
[White "Tiller, Bjørn"]
[Black "Gukhvat, Peter"]
[Result "1-0"]
[WhiteElo "2398"]
[BlackElo "2242"]
[PlyCount "121"]
[EventDate "2010.??.??"]

1. b4 c6 2. e3 Nf6 3. Bb2 d5 4. f4 Bg4 5. Nf3 Nbd7 6. Be2 Bxf3 7. Bxf3 e6 8. a3
a5 9. g4 axb4 10. axb4 Rxa1 11. Bxa1 Qb6 12. O-O Qxb4 13. g5 Ne4 14. d3 Nd6 15.
Bg4 h6 16. g6 f5 17. Bh5 Rg8 18. Nd2 Be7 19. Nf3 Bf6 20. Ne5 Ke7 21. Nxd7 Bxa1
22. Qxa1 Kxd7 23. Qe5 Qd2 24. Rf2 Qe1+ 25. Kg2 Qb1 26. Bf3 Qb5 27. h4 Ne8 28.
c4 Qc5 29. cxd5 cxd5 30. e4 fxe4 31. dxe4 Nf6 32. Rd2 Qc7 33. Qb2 Qxf4 34. exd5
exd5 35. Qxb7+ Qc7 36. Rxd5+ Nxd5 37. Qxd5+ Ke7 38. Qf7+ Kd6 39. Qxg8 Qc2+ 40.
Kh1 Qc1+ 41. Kh2 Qd2+ 42. Kh3 Qd4 43. Qd8+ Kc5 44. Qxd4+ Kxd4 45. Kg4 Ke5 46.
Bd1 Kf6 47. Bc2 Ke7 48. Kf5 Kd6 49. Bb3 Kd7 50. Ke5 Ke7 51. Ba4 Kf8 52. Ke6 Kg8
53. Ke7 Kh8 54. Bb3 h5 55. Bd1 Kg8 56. Bxh5 Kh8 57. Bd1 Kg8 58. h5 Kh8 59. h6
Kg8 60. hxg7 Kxg7 61. Bc2 1-0

[Event "ARCTIC CHESS CHALLENGE 2010"]
[Site "SCANDIC TROMSØ"]
[Date "2010.07.31"]
[Round "4"]
[White "Laverton, Christian"]
[Black "Gullaksen, Eirik"]
[Result "1/2-1/2"]
[WhiteElo "2007"]
[BlackElo "2395"]
[PlyCount "96"]
[EventDate "2010.??.??"]

1. d4 Nf6 2. c4 g6 3. Nc3 Bg7 4. e4 d6 5. Nf3 O-O 6. Be2 Na6 7. O-O e5 8. Bg5
h6 9. Be3 Ng4 10. Bc1 Qe8 11. h3 exd4 12. Nxd4 Nf6 13. Bf3 Nh7 14. Re1 Ng5 15.
Be3 Nc5 16. Ndb5 Nce6 17. Bg4 a6 18. Nd4 Nc5 19. Bxc8 Rxc8 20. f3 c6 21. Qd2
Qe7 22. Rad1 Rfd8 23. b4 Nce6 24. f4 Nxd4 25. Bxd4 Bxd4+ 26. Qxd4 Ne6 27. Qe3
Ng7 28. a3 b5 29. cxb5 axb5 30. Rd3 Ra8 31. Ne2 Re8 32. Nd4 Ra6 33. Qc1 Qb7 34.
Nf3 Qa7+ 35. Kh2 c5 36. bxc5 dxc5 37. Ne5 Re7 38. Rd5 Rc7 39. Rd3 c4 40. Rc3
Qd4 41. Nf3 Qc5 42. Rd1 Rd6 43. e5 Rd5 44. Re1 Kh7 45. Nd2 Qe7 46. Ne4 Ne8 47.
Qe3 Rcd7 48. Qb6 Rb7 1/2-1/2

[Event "ARCTIC CHESS CHALLENGE 2010"]
[Site "SCANDIC TROMSØ"]
[Date "2010.07.31"]
[Round "4"]
[White "Ferguson, Mark"]
[Black "Lindberg, Henrik"]
[Result "1-0"]
[WhiteElo "2387"]
[BlackElo "2230"]
[PlyCount "67"]
[EventDate "2010.??.??"]

1. e4 c5 2. Nf3 e6 3. b3 b6 4. Bd3 Bb7 5. O-O d6 6. Re1 Nd7 7. c3 Ngf6 8. Bc2
Be7 9. d3 O-O 10. Nbd2 Re8 11. Nf1 Bf8 12. Ng3 g6 13. d4 Bg7 14. h3 e5 15. dxe5
Nxe5 16. Nxe5 Rxe5 17. f4 Re8 18. Qf3 d5 19. e5 Qc7 20. Qf2 Nd7 21. Bd2 Nf8 22.
Nf1 f6 23. exf6 Bxf6 24. Nh2 Qg7 25. Qg3 h5 26. Nf3 Bxc3 27. Bxc3 Qxc3 28. Bxg6
Qg7 29. f5 Re4 30. Ng5 h4 31. Qd6 Qd4+ 32. Kh1 Rxe1+ 33. Rxe1 Qd2 34. Bh7+ 1-0

[Event "ARCTIC CHESS CHALLENGE 2010"]
[Site "SCANDIC TROMSØ"]
[Date "2010.07.31"]
[Round "4"]
[White "Briscoe, Chris"]
[Black "Jens, Jelmer"]
[Result "0-1"]
[WhiteElo "2247"]
[BlackElo "2386"]
[PlyCount "56"]
[EventDate "2010.??.??"]

1. d4 Nf6 2. c4 g6 3. g3 Bg7 4. Bg2 O-O 5. Nc3 d6 6. Nf3 Nbd7 7. O-O e5 8. d5
Nc5 9. b4 Nce4 10. Bb2 Nxc3 11. Bxc3 Ne4 12. Bb2 f5 13. Rc1 a5 14. a3 Bd7 15.
Ne1 Nf6 16. e3 e4 17. Nc2 axb4 18. axb4 Ra2 19. Rb1 Qa8 20. Nd4 b5 21. Nxb5
Bxb5 22. cxb5 Nxd5 23. Bxg7 Kxg7 24. Qd4+ Kh6 25. Rfc1 Qb7 26. f3 Qxb5 27. Rc4
Rxg2+ 28. Kxg2 Qxc4 0-1

[Event "ARCTIC CHESS CHALLENGE 2010"]
[Site "SCANDIC TROMSØ"]
[Date "2010.07.31"]
[Round "4"]
[White "Angskog, Kent"]
[Black "Khaetsky, Roman"]
[Result "0-1"]
[WhiteElo "2204"]
[BlackElo "2385"]
[PlyCount "65"]
[EventDate "2010.??.??"]

1. Nf3 Nf6 2. c4 c5 3. Nc3 g6 4. d4 cxd4 5. Nxd4 Bg7 6. e4 O-O 7. Be3 b6 8. g3
Nc6 9. Bg2 Ba6 10. Nxc6 dxc6 11. Qa4 Ng4 12. Rd1 Qc8 13. Bf4 b5 14. Qa5 bxc4
15. O-O Qb7 16. h3 Nf6 17. e5 Ne8 18. Rd2 Rc8 19. Be3 f6 20. exf6 Bxf6 21. Qc5
Nd6 22. Rfd1 Kg7 23. a4 Rc7 24. h4 Qc8 25. Bf4 Bxh4 26. Ne4 Rxf4 27. gxf4 Nxe4
28. Bxe4 Qg4+ 29. Bg2 Qxf4 30. Rd8 Bf6 31. Qa5 Bc8 32. Qb4 Rb7 33. Qxc4 0-1

[Event "ARCTIC CHESS CHALLENGE 2010"]
[Site "SCANDIC TROMSØ"]
[Date "2010.07.31"]
[Round "4"]
[White "Zepeda, Lorena"]
[Black "Tjiam, Dharma"]
[Result "0-1"]
[WhiteElo "2169"]
[BlackElo "2385"]
[PlyCount "110"]
[EventDate "2010.??.??"]

1. e4 d6 2. d4 Nf6 3. Nc3 g6 4. Bg5 Bg7 5. Qd2 c6 6. f4 O-O 7. Nf3 d5 8. Bxf6
exf6 9. exd5 cxd5 10. O-O-O Be6 11. Bd3 f5 12. h3 Nd7 13. Ne5 Nf6 14. g4 Qc8
15. Rdg1 Ne4 16. Bxe4 dxe4 17. gxf5 Bxf5 18. Re1 Re8 19. Re3 Qc7 20. Ne2 Be6
21. Kb1 Rad8 22. Rd1 Qb6 23. Rc3 f6 24. Ng4 h5 25. Ne3 f5 26. a3 Rd7 27. Nc4
Bxc4 28. Rxc4 Red8 29. c3 Qe6 30. Rc5 b6 31. Rb5 a6 32. Rb4 Bf8 33. Qc2 Bxb4
34. axb4 b5 35. Rg1 Kh7 36. Qd2 e3 37. Qd1 Ra8 38. Qd3 Rd5 39. Rg3 Re8 40. Kc2
Rd7 41. Rg1 h4 42. b3 Rc8 43. Rf1 Qe4 44. Qxe4 fxe4 45. Rg1 Rd5 46. Rg4 Rh5 47.
Nc1 Kg7 48. f5 Rxf5 49. Rxe4 Rf2+ 50. Kd3 Rf3 51. Rxh4 e2+ 52. Kxe2 Rcxc3 53.
Kd2 Rxh3 54. Rxh3 Rxh3 55. Nd3 Rxd3+ 0-1

[Event "ARCTIC CHESS CHALLENGE 2010"]
[Site "SCANDIC TROMSØ"]
[Date "2010.07.31"]
[Round "4"]
[White "Zdebskaja, Natalia"]
[Black "Eriksen, Magnus"]
[Result "1-0"]
[WhiteElo "2383"]
[BlackElo "1961"]
[PlyCount "53"]
[EventDate "2010.??.??"]

1. e4 e6 2. d4 d5 3. Nc3 Nc6 4. Nf3 Nf6 5. e5 Ne4 6. Bd3 Bb4 7. Bd2 Nxd2 8.
Qxd2 f6 9. Bb5 O-O 10. Bxc6 bxc6 11. O-O fxe5 12. Nxe5 Qh4 13. Qe3 Bd6 14. f4
Bb7 15. Na4 Rad8 16. Nc5 Bxc5 17. dxc5 Qe7 18. c3 Rf6 19. b4 Rdf8 20. a4 Qe8
21. Rf3 Ba6 22. Ra2 Bc4 23. Rb2 d4 24. Qxd4 Bd5 25. Rf1 g5 26. Rbf2 gxf4 27. c4
1-0

[Event "ARCTIC CHESS CHALLENGE 2010"]
[Site "SCANDIC TROMSØ"]
[Date "2010.07.31"]
[Round "4"]
[White "Hanssen, Gunnar B"]
[Black "Solomon, Kenny"]
[Result "1/2-1/2"]
[WhiteElo "2191"]
[BlackElo "2383"]
[PlyCount "107"]
[EventDate "2010.??.??"]

1. d4 d6 2. Nf3 g6 3. c4 Bg7 4. e4 Bg4 5. Be2 Nc6 6. Be3 Bxf3 7. Bxf3 e5 8. d5
Nd4 9. Bg4 Nf6 10. Bxd4 exd4 11. O-O O-O 12. Nd2 Re8 13. Re1 Bh6 14. Bf3 c5 15.
dxc6 bxc6 16. Nb3 Rb8 17. Qxd4 c5 18. Qc3 Bf4 19. Rad1 Be5 20. Qd2 Rb4 21. Nxc5
Rxb2 22. Qe3 Qb6 23. Nb3 Qxe3 24. Rxe3 Rxa2 25. c5 dxc5 26. Nxc5 Rc8 27. Nd3
Bd4 28. Nb4 Bxe3 29. Nxa2 Bxf2+ 30. Kxf2 Rc2+ 31. Ke3 Rxa2 32. e5 Nh5 33. Rd8+
Kg7 34. Rd7 Ra3+ 35. Kf2 Nf4 36. Be4 h5 37. g3 Ra2+ 38. Kf3 Ne6 39. Bd5 Ra3+
40. Kf2 Kf8 41. h4 a5 42. Ra7 Nd8 43. Ra8 Ke7 44. Ra7+ Ke8 45. Ra8 Ra1 46.
Bxf7+ Kxf7 47. Rxd8 a4 48. Rd6 a3 49. Ra6 Ke7 50. Kg2 a2 51. e6 Kf6 52. Kh2 Re1
53. e7+ Kxe7 54. Rxa2 1/2-1/2

[Event "ARCTIC CHESS CHALLENGE 2010"]
[Site "SCANDIC TROMSØ"]
[Date "2010.07.31"]
[Round "4"]
[White "Sowray, Peter J"]
[Black "Van Den Bersselaar, Jeroen"]
[Result "1-0"]
[WhiteElo "2383"]
[BlackElo "2197"]
[PlyCount "27"]
[EventDate "2010.??.??"]

1. d4 d5 2. c4 c6 3. Nc3 Nf6 4. Nf3 e6 5. g3 dxc4 6. Bg2 Nbd7 7. a4 Bb4 8. O-O
O-O 9. Qc2 a5 10. Rd1 Qe7 11. Ne5 Nxe5 12. dxe5 Nd7 13. Bf4 g5 14. Ne4 1-0

[Event "ARCTIC CHESS CHALLENGE 2010"]
[Site "SCANDIC TROMSØ"]
[Date "2010.07.31"]
[Round "4"]
[White "Sarakauskiene, Zivile"]
[Black "Devereaux, Maxim L"]
[Result "1/2-1/2"]
[WhiteElo "2181"]
[BlackElo "2380"]
[PlyCount "123"]
[EventDate "2010.??.??"]

1. e4 c5 2. Nf3 Nc6 3. d4 cxd4 4. Nxd4 Nf6 5. Nc3 e5 6. Ndb5 d6 7. a4 a6 8. Na3
Bg4 9. Be2 Bxe2 10. Qxe2 Nd4 11. Qd3 d5 12. Bg5 Bxa3 13. Bxf6 dxe4 14. Qxe4
Qxf6 15. Rxa3 O-O 16. O-O Qb6 17. Nd5 Qd6 18. Ne3 f5 19. Qxb7 Rab8 20. Qd5+
Qxd5 21. Nxd5 Nxc2 22. Rc3 Nd4 23. Re3 e4 24. Rd1 Rxb2 25. h3 Ne6 26. Ne7+ Kh8
27. Rd6 Ng5 28. Rxa6 f4 29. Re1 e3 30. f3 Rb7 31. Nd5 h6 32. h4 Nh7 33. g3 g5
34. Rxh6 Rf5 35. Rd6 fxg3 36. Nxe3 Re5 37. hxg5 Rbe7 38. Rd8+ Re8 39. Rxe8+
Rxe8 40. Kg2 Nxg5 41. Kxg3 Kg8 42. Ng2 Ra8 43. f4 Nf7 44. Ra1 Ra5 45. Ne3 Nd6
46. Kf3 Kf7 47. Ke2 Nb7 48. Nc4 Ra6 49. a5 Ke6 50. Kd3 Kd5 51. Rh1 Nc5+ 52. Kc3
Ke4 53. Rf1 Nb7 54. Kb4 Nxa5 55. Nxa5 Rf6 56. Nc4 Rxf4 57. Re1+ Kd5 58. Re5+
Kd4 59. Re8 Kd3 60. Re3+ Kd4 61. Rh3 Kd5 62. Rh5+ 1/2-1/2

[Event "ARCTIC CHESS CHALLENGE 2010"]
[Site "SCANDIC TROMSØ"]
[Date "2010.07.31"]
[Round "4"]
[White "Wohl, Aleksandar H"]
[Black "Røyset, Jon K"]
[Result "1-0"]
[WhiteElo "2375"]
[BlackElo "2190"]
[PlyCount "55"]
[EventDate "2010.??.??"]

1. Nf3 d5 2. g3 c5 3. Bg2 Nc6 4. d4 Nf6 5. O-O e6 6. c4 dxc4 7. Ne5 Nxd4 8. e3
Nc6 9. Bxc6+ bxc6 10. Qxd8+ Kxd8 11. Nxf7+ Ke7 12. Nxh8 g6 13. Nc3 Bg7 14.
Nxg6+ hxg6 15. e4 Nd7 16. Bg5+ Kf7 17. f4 Bd4+ 18. Kg2 Rb8 19. Rab1 Nf6 20.
Bxf6 Kxf6 21. e5+ Kg7 22. h4 Ba6 23. Kf3 Rb4 24. Ke4 Bb5 25. Rfd1 Ba4 26. Rdc1
Bf2 27. g4 Bxh4 28. a3 1-0

[Event "ARCTIC CHESS CHALLENGE 2010"]
[Site "SCANDIC TROMSØ"]
[Date "2010.07.31"]
[Round "4"]
[White "Rehn, Ralf"]
[Black "Klip, Hans"]
[Result "1/2-1/2"]
[WhiteElo "2164"]
[BlackElo "2366"]
[PlyCount "28"]
[EventDate "2010.??.??"]

1. d4 f5 2. Bg5 g6 3. e3 Bg7 4. Nf3 d6 5. Bc4 Nf6 6. c3 h6 7. Bxf6 Bxf6 8. Qb3
Kf8 9. Be6 Bxe6 10. Qxe6 Qd7 11. Qb3 c6 12. Nbd2 b5 13. O-O d5 14. a4 a6
1/2-1/2

[Event "ARCTIC CHESS CHALLENGE 2010"]
[Site "SCANDIC TROMSØ"]
[Date "2010.07.31"]
[Round "4"]
[White "Thomassen, Joachim"]
[Black "Riedel, Holger"]
[Result "1-0"]
[WhiteElo "2364"]
[BlackElo "2187"]
[PlyCount "133"]
[EventDate "2010.??.??"]

1. d4 e6 2. c4 Bb4+ 3. Nd2 a5 4. Ngf3 d5 5. a3 Bxd2+ 6. Bxd2 a4 7. Bf4 Nf6 8.
e3 O-O 9. Rc1 Nc6 10. cxd5 Nxd5 11. Bg3 Qe7 12. Bd3 f5 13. O-O Bd7 14. e4 fxe4
15. Bxe4 Nf4 16. Qd2 Qd6 17. Rfe1 Be8 18. Rc5 Rd8 19. Qc1 Nxd4 20. Nxd4 Qxd4
21. Bxf4 Rxf4 22. Qxf4 Qxc5 23. Qh4 Qd4 24. Qxh7+ Kf8 25. g3 Qxb2 26. Qh8+ Ke7
27. Bf5 Rd6 28. Bxe6 Rxe6 29. Rxe6+ Kxe6 30. Qxe8+ Kd6 31. Qxa4 c5 32. h4 b5
33. Qa6+ Kc7 34. Qa7+ Kc6 35. Qa6+ Kc7 36. Kg2 b4 37. Qa7+ Kc6 38. Qa6+ Kc7 39.
Qa5+ Kc6 40. Qa8+ Kc7 41. Qa5+ Kc6 42. a4 b3 43. Qb5+ Kd5 44. a5 Qa2 45. Qb7+
Kc4 46. a6 Kc3 47. Qxg7+ Kd2 48. Qg5+ Ke1 49. Qe5+ Kd1 50. Qd5+ Ke1 51. Qe6+
Kd2 52. h5 Qa4 53. Qe3+ Kd1 54. Qd3+ Kc1 55. Qc3+ Kb1 56. h6 b2 57. h7 Qe4+ 58.
Qf3 Qxh7 59. Qb7 Qxb7+ 60. axb7 c4 61. b8=Q c3 62. Qb4 Kc2 63. Qa4+ Kc1 64. Qb3
c2 65. Qe3+ Kd1 66. Kf1 c1=Q 67. Qe2# 1-0

[Event "ARCTIC CHESS CHALLENGE 2010"]
[Site "SCANDIC TROMSØ"]
[Date "2010.07.31"]
[Round "4"]
[White "Haarr, Jon Kristian"]
[Black "Welling, Gerard"]
[Result "0-1"]
[WhiteElo "2188"]
[BlackElo "2352"]
[PlyCount "140"]
[EventDate "2010.??.??"]

1. e4 g6 2. d4 d6 3. Nc3 Bg7 4. Be3 a6 5. Qd2 Nd7 6. Nge2 b5 7. f3 Bb7 8. a4 b4
9. Nd1 a5 10. c3 c5 11. Nf4 cxd4 12. cxd4 Ngf6 13. Bb5 O-O 14. O-O e5 15. dxe5
Nxe5 16. Nf2 d5 17. exd5 Nxd5 18. Nxd5 Qxd5 19. Qe2 Bc6 20. Bxc6 Nxc6 21. Rac1
Rfe8 22. Rfd1 Qb3 23. Rd3 Qxa4 24. Ne4 Ne5 25. Rd5 Qb3 26. Rcd1 a4 27. Rb5 Qc4
28. Qxc4 Nxc4 29. Bc1 a3 30. bxa3 bxa3 31. Bxa3 Nxa3 32. Rb7 Reb8 33. Rc7 Rb1
34. Rxb1 Nxb1 35. Ng5 Rf8 36. Ne4 h6 37. Kf2 Na3 38. h3 Nb5 39. Rb7 Nd4 40. Ke3
Ne6 41. Rd7 Rd8 42. Rxd8+ Nxd8 43. g4 Bb2 44. f4 Bc1+ 45. Kf3 Ne6 46. Nf6+ Kg7
47. Nd5 f5 48. gxf5 gxf5 49. Kg3 Bxf4+ 50. Nxf4 Nxf4 51. Kxf4 Kf6 52. Kf3 Ke5
53. Ke3 f4+ 54. Kf3 Kf5 55. Kf2 Ke4 56. Ke2 f3+ 57. Kf2 Kf4 58. h4 h5 59. Kf1
Kg3 60. Kg1 Kxh4 61. Kh2 Kg4 62. Kg1 Kf4 63. Kf2 Ke4 64. Kf1 Ke3 65. Ke1 h4 66.
Kf1 h3 67. Kg1 f2+ 68. Kf1 h2 69. Kg2 f1=Q+ 70. Kxh2 Qf5 0-1

[Event "ARCTIC CHESS CHALLENGE 2010"]
[Site "SCANDIC TROMSØ"]
[Date "2010.07.31"]
[Round "4"]
[White "Westerinen, Heikki M.J"]
[Black "Houska, Jiri"]
[Result "1/2-1/2"]
[WhiteElo "2347"]
[BlackElo "2183"]
[PlyCount "103"]
[EventDate "2010.??.??"]

1. e4 e6 2. d4 d5 3. Nc3 Nf6 4. e5 Nfd7 5. f4 c5 6. Nf3 Nc6 7. Be3 cxd4 8. Nxd4
Bc5 9. Qd2 O-O 10. O-O-O Nxd4 11. Bxd4 a6 12. h4 b5 13. Rh3 b4 14. Na4 Qa5 15.
Nxc5 Nxc5 16. Ra3 Qb6 17. Ra4 Qc6 18. Rxb4 a5 19. Rb5 Ne4 20. Qe3 Ba6 21. Rb6
Qc8 22. Bxa6 Rxa6 23. Rxa6 Qxa6 24. Qd3 Qc6 25. Qb3 a4 26. Qb4 Rc8 27. c3 h5
28. Kc2 Qa6 29. Rd3 Rc4 30. Qb8+ Kh7 31. Qa7 Qxa7 32. Bxa7 Kg6 33. b3 axb3+ 34.
axb3 Rc7 35. Be3 Kf5 36. b4 f6 37. exf6 gxf6 38. b5 Rb7 39. b6 Nd6 40. Rd1 Nc4
41. Bc5 Rg7 42. Rb1 Rxg2+ 43. Kc1 Nxb6 44. Rxb6 Rg4 45. Bd6 Rxh4 46. Kd2 e5 47.
Be7 Rxf4 48. Rxf6+ Ke4 49. Rxf4+ Kxf4 50. Ke2 Ke4 51. Bf6 d4 52. cxd4 1/2-1/2

[Event "ARCTIC CHESS CHALLENGE 2010"]
[Site "SCANDIC TROMSØ"]
[Date "2010.07.31"]
[Round "4"]
[White "Medvegy, Nora Dr"]
[Black "Sigeman, Johan"]
[Result "1/2-1/2"]
[WhiteElo "2343"]
[BlackElo "2153"]
[PlyCount "61"]
[EventDate "2010.??.??"]

1. e4 e5 2. Nf3 Nc6 3. d4 exd4 4. Nxd4 Nf6 5. Nxc6 bxc6 6. e5 Qe7 7. Qe2 Nd5 8.
c4 Ba6 9. b3 g6 10. g3 Bg7 11. Bb2 O-O 12. Bg2 Rfe8 13. O-O f6 14. Qd2 Nb6 15.
exf6 Bxf6 16. Nc3 Qg7 17. Rfd1 Bxc4 18. bxc4 Nxc4 19. Qxd7 Nxb2 20. Qxg7+ Bxg7
21. Rdc1 Nd3 22. Bxc6 Nxc1 23. Rxc1 Bxc3 24. Bxa8 Re1+ 25. Rxe1 Bxe1 26. Kf1
Ba5 27. Ke2 Kf7 28. Kd3 Ke6 29. Ke4 g5 30. Bd5+ Kf6 31. h3 1/2-1/2

[Event "ARCTIC CHESS CHALLENGE 2010"]
[Site "SCANDIC TROMSØ"]
[Date "2010.07.31"]
[Round "4"]
[White "Dworakowska, Joanna"]
[Black "Jæger, Frode Bull"]
[Result "1/2-1/2"]
[WhiteElo "2338"]
[BlackElo "2103"]
[PlyCount "95"]
[EventDate "2010.??.??"]

1. e4 c5 2. Nf3 e6 3. d4 cxd4 4. Nxd4 Nc6 5. Nc3 Qc7 6. Be3 Nf6 7. Qd2 a6 8.
O-O-O Bb4 9. f3 Ne7 10. Bg5 b5 11. Nde2 Bb7 12. Kb1 Ba5 13. a3 b4 14. axb4 Bxb4
15. Bxf6 gxf6 16. Qd4 Nc6 17. Qxf6 Qe5 18. Qxe5 Nxe5 19. Na2 Ba5 20. Nf4 Ke7
21. Nd3 Bc7 22. Be2 h5 23. Nc5 Bc8 24. Nc3 d6 25. Nb3 Rg8 26. f4 Ng4 27. Rd2
Bb6 28. Nd1 Ne3 29. Bf3 Nxd1 30. Rdxd1 Rb8 31. Rhe1 h4 32. Nd2 Bc5 33. Nc4 Bd7
34. Ne3 a5 35. Ka2 Rb4 36. Rd3 Rgb8 37. Rb3 Ra4+ 38. Kb1 Rxb3 39. cxb3 Rb4 40.
Ka2 a4 41. bxa4 Rxa4+ 42. Kb1 Bb5 43. Nc2 Bd3 44. b3 Ra7 45. Kb2 Bxc2 46. Kxc2
h3 47. Re2 Bg1 48. gxh3 1/2-1/2

[Event "ARCTIC CHESS CHALLENGE 2010"]
[Site "SCANDIC TROMSØ"]
[Date "2010.07.31"]
[Round "4"]
[White "Kadziolka, Beata"]
[Black "Vaarala, Eric"]
[Result "0-1"]
[WhiteElo "2305"]
[BlackElo "2102"]
[PlyCount "88"]
[EventDate "2010.??.??"]

1. e4 c5 2. Nf3 b6 3. d4 cxd4 4. Nxd4 Bb7 5. Nc3 a6 6. Bd3 Qc7 7. O-O e6 8. Kh1
Nf6 9. f4 Nc6 10. Nf3 h5 11. Qe2 Ng4 12. Bd2 Bc5 13. Rae1 Nd4 14. Nxd4 Bxd4 15.
e5 Qd8 16. Be4 Nxh2 17. g3 Nxf1 18. Rxf1 Bxc3 19. Bxc3 Qc7 20. Kh2 Bxe4 21.
Qxe4 Rc8 22. f5 Qc4 23. Qf3 Qg4 24. Qb7 Qe2+ 25. Kg1 Qe3+ 26. Kg2 O-O 27. Qxd7
h4 28. Qd3 Qxg3+ 29. Qxg3 hxg3 30. f6 gxf6 31. Rxf6 Kg7 32. Kxg3 Rh8 33. Rf4
Rh5 34. Rb4 b5 35. a4 Rc4 36. Rxc4 bxc4 37. Kf3 Kg6 38. Ke3 Rh4 39. b4 cxb3 40.
cxb3 Kf5 41. b4 Rh3+ 42. Kd4 Rxc3 43. Kxc3 Kxe5 44. Kc4 Kd6 0-1

[Event "ARCTIC CHESS CHALLENGE 2010"]
[Site "SCANDIC TROMSØ"]
[Date "2010.07.31"]
[Round "4"]
[White "Johansen, Stian"]
[Black "Engstrom, Kaj"]
[Result "0-1"]
[WhiteElo "1899"]
[BlackElo "2290"]
[PlyCount "148"]
[EventDate "2010.??.??"]

1. e4 c5 2. Nf3 e6 3. d4 cxd4 4. Nxd4 Bc5 5. Nb3 Bb6 6. Bd3 Qh4 7. Qe2 Nf6 8.
Be3 Bxe3 9. Qxe3 Ng4 10. Qf4 g5 11. Qg3 Nc6 12. Nc3 a6 13. Be2 Nge5 14. Qxh4
gxh4 15. f4 Ng6 16. f5 Nge5 17. Rd1 b5 18. a3 b4 19. Na4 Rb8 20. O-O bxa3 21.
bxa3 Rg8 22. Rf4 h3 23. g3 Na7 24. Nac5 Nb5 25. Bxb5 Rxb5 26. Rd4 Rb6 27. Nd3
d6 28. Rb4 Nxd3 29. cxd3 Rxb4 30. axb4 exf5 31. exf5 Ke7 32. Nd4 Kf6 33. Rh4
Bd7 34. Rxh7 Rb8 35. Nc2 Bxf5 36. Rh6+ Ke7 37. Nd4 Bd7 38. Rh4 Rc8 39. Ne2 Bf5
40. Rd4 Rc2 41. Kf2 Rb2 42. Ke3 Bd7 43. g4 Ba4 44. Re4+ Kf6 45. Nc3 Bc6 46. Rc4
Bh1 47. Ne2 Kg5 48. Rc1 Bg2 49. Ra1 Bb7 50. Ra4 Bc8 51. Ra5+ Kxg4 52. Rd5 Rxb4
53. Rxd6 Rb2 54. Rd8 Be6 55. Rg8+ Kf5 56. Rg3 Kf6 57. Rf3+ Ke7 58. Rf4 Ra2 59.
Re4 Kd6 60. Kf4 Ra3 61. Re3 Ra4+ 62. d4 Ra1 63. Kg3 Kd5 64. Re5+ Kc4 65. Rc5+
Kb4 66. Nf4 a5 67. Nd3+ Ka4 68. Nb2+ Kb3 69. Nd3 Rd1 70. Nc1+ Kb2 71. Ne2 a4
72. Rb5+ Bb3 73. Ra5 a3 74. Nc3 Rd3+ 0-1

[Event "ARCTIC CHESS CHALLENGE 2010"]
[Site "SCANDIC TROMSØ"]
[Date "2010.07.31"]
[Round "4"]
[White "Przezdziecka, Marta"]
[Black "Buchkremer, Felix"]
[Result "1-0"]
[WhiteElo "2278"]
[BlackElo "2090"]
[PlyCount "85"]
[EventDate "2010.??.??"]

1. d4 f5 2. c4 Nf6 3. Nf3 g6 4. g3 Bg7 5. b4 Nc6 6. a3 e6 7. Bb2 d5 8. Nbd2 O-O
9. Bg2 b6 10. Rc1 Bb7 11. O-O Rc8 12. Qb3 Ne7 13. b5 c5 14. Rfd1 h6 15. a4 g5
16. Ne5 Qe8 17. Qa3 Ne4 18. Nxe4 fxe4 19. dxc5 Rxc5 20. cxd5 Rxd5 21. Rxd5 Bxd5
22. Rc7 Nf5 23. g4 e3 24. f3 Qd8 25. Qc3 Ne7 26. Rxa7 Bf6 27. Qxe3 Qb8 28. Nd7
Qxa7 29. Nxf6+ Kf7 30. Qd3 Ng6 31. Nxd5 exd5 32. Qxd5+ Ke8 33. Qc6+ Qd7 34.
Qxg6+ Rf7 35. Qc6 Kf8 36. Qa8+ Ke7 37. Kf2 Qxg4 38. Qb7+ Qd7 39. Qxb6 g4 40.
Qxh6 Qf5 41. Ba3+ Ke8 42. Qc6+ Qd7 43. Qe4+ 1-0

[Event "ARCTIC CHESS CHALLENGE 2010"]
[Site "SCANDIC TROMSØ"]
[Date "2010.07.31"]
[Round "4"]
[White "Lahlum, Hans Olav"]
[Black "Goetzee, Rick"]
[Result "1-0"]
[WhiteElo "2230"]
[BlackElo "1953"]
[PlyCount "59"]
[EventDate "2010.??.??"]

1. d4 d5 2. c4 c6 3. Nc3 Nf6 4. e3 Bf5 5. Nf3 e6 6. Nh4 Bg4 7. f3 Bh5 8. g3
Nbd7 9. Ng2 Be7 10. Nf4 a6 11. e4 dxe4 12. Nxh5 Nxh5 13. fxe4 g6 14. Be2 Ng7
15. O-O O-O 16. Be3 Bg5 17. Qd2 Bxe3+ 18. Qxe3 Qb6 19. c5 Qc7 20. b4 Ne8 21.
Bc4 a5 22. a3 axb4 23. axb4 Nef6 24. Qg5 Kg7 25. e5 Nd5 26. Rxa8 Rxa8 27. Bxd5
cxd5 28. Qe7 Rf8 29. Nb5 Qd8 30. Rxf7+ 1-0